000 00470nam a22001337a 4500
020 _a9781492034865
082 _a005.6 KOU
100 _aAnirudh, Koul, ; Siddha Ganju, ; Meher Kasam,
245 _aPractical deep learning for cloud, mobile, and edge : real-world AI and computer-vision projects using Python, Keras, and TensorFlow
260 _aBeijing
_bOreilly
_c2020
300 _a588p
942 _2ddc
_cBK
999 _c554516
_d554516